Materials Management (Record no. 5963)

MARC details
005 - DATE AND TIME OF LATEST TRANSACTION
control field 20250628104214.0
020 ## - INTERNATIONAL STANDARD BOOK NUMBER
International Standard Book Number 81-7041-366-4
100 ## - MAIN ENTRY--PERSONAL NAME
Author name GHOSH, A.K
245 ## - TITLE STATEMENT
Title Materials Management
260 ## - PUBLICATION, DISTRIBUTION, ETC.
Place of publication, distribution, etc. New Delhi
Name of publisher, distributor, etc. ANMOL Publications PVT. LTD
Date of publication, distribution, etc. 2000
300 ## - PHYSICAL DESCRIPTION
Extent 235P.: ill; figures, tables
Dimensions 20cm
700 ## - ADDED ENTRY--PERSONAL NAME
Other authors/Editors KUMAR, P
942 ## - ADDED ENTRY ELEMENTS (KOHA)
Source of classification or shelving scheme Dewey Decimal Classification
Koha item type Books
Holdings
Date last seen Total checkouts Full call number Barcode Cost, replacement price Price effective from Koha item type Lost status Source of classification or shelving scheme Damaged status Not for loan Withdrawn status Home library Current library Shelving location Date acquired Source of acquisition Cost, normal purchase price
06/28/2025   658.7 GHO MBY000737 75000.00 06/28/2025 Books   Dewey Decimal Classification       CBE MBEYA CBE MBEYA General Collection 02/19/2008 PURCHASE 25000.00